Amadís de Grecia (Record no. 4358)

MARC details
000 -CABECERA
campo de control de longitud fija 00851nam a2200253 a 4500
001 - NÚMERO DE CONTROL
campo de control BRCA_4657
005 - FECHA Y HORA DE LA ÚLTIMA TRANSACCIÓN
campo de control 20190320204743.0
008 - DATOS DE LONGITUD FIJA--INFORMACIÓN GENERAL
campo de control de longitud fija 300910s2000----sp-#######---#000-0#spa-#
020 ## - NÚMERO INTERNACIONAL ESTÁNDAR DEL LIBRO
Número Internacional Estándar del Libro 8488333463
040 ## - FUENTE DE LA CATALOGACIÓN
Centro catalogador/agencia de origen spa
041 ## - CÓDIGO DE LENGUA
Código de lengua del texto/banda sonora o título independiente sp
050 #4 - SIGNATURA TOPOGRÁFICA DE LA BIBLIOTECA DEL CONGRESO
Número de clasificación PQ6433
-- .S55 2000
100 1# - ENTRADA PRINCIPAL--NOMBRE DE PERSONA
Nombre de persona Silva, Feliciano de
9 (RLIN) 11790
245 10 - MENCIÓN DE TÍTULO
Título Amadís de Grecia
Resto del título (Cuenca, Cristóbal Francés, 1530) : guía de lectura
Mención de responsabilidad, etc. Feliciano de Silva y Carmen Laspuertas Sarvisé.
260 ## - PUBLICACIÓN, DISTRIBUCIÓN, ETC.
Lugar de publicación, distribución, etc. Alcalá de Henares [España]
Nombre del editor, distribuidor, etc. Centro de Estudios Cervantinos
Fecha de publicación, distribución, etc. 2000
300 ## - DESCRIPCIÓN FÍSICA
Extensión 128 p.
Dimensiones 24 cm.
440 #0 - MENCIÓN DE SERIE/PUNTO DE ACCESO ADICIONAL--TÍTULO
Título Guías de lectura caballeresca
Designación de volumen o secuencia 26
9 (RLIN) 11791
500 ## - NOTA GENERAL
Nota general Incluye índice general de la colección
504 ## - NOTA DE BIBLIOGRAFÍA, ETC.
Nota de bibliografía, etc. Bibliografía: p. [123]-124
650 14 - PUNTO DE ACCESO ADICIONAL DE MATERIA--TÉRMINO DE MATERIA
Término de materia o nombre geográfico como elemento de entrada Literatura
Subdivisión geográfica España
9 (RLIN) 11792
700 1# - PUNTO DE ACCESO ADICIONAL--NOMBRE DE PERSONA
Nombre de persona Laspuertas Sarvisé, Carmen
9 (RLIN) 11793
902 ## - CATALOGADOR
Iniciales CERV
942 ## - ELEMENTOS DE PUNTO DE ACCESO ADICIONAL (KOHA)
Fuente del sistema de clasificación o colocación Library of Congress Classification
Tipo de ítem Koha Libros
Holdings
Estado de retiro Estado de pérdida Estado dañado No para préstamo Localización permanente Ubicación/localización actual Fecha de adquisición Total de préstamos Signatura topográfica completa Código de barras Fecha visto por última vez Precio válido a partir de Tipo de ítem Koha
El ejemplar forma parte de la colección y puede ser consultado según las políticas vigentes.       Biblioteca del Museo Franz Mayer (Rogerio Casas-Alatriste) Biblioteca del Museo Franz Mayer (Rogerio Casas-Alatriste) 30/09/2010   PQ6433 .S55 2000 CERV00037 22/03/2019 22/03/2019 Libros